Course of mathematical analysis (Record no. 20049)

000 -LEADER
fixed length control field 00451nam a2200181u 4500
001 - CONTROL NUMBER
control field 20049
003 - CONTROL NUMBER IDENTIFIER
control field BD-DhUET
008 - FIXED-LENGTH DATA ELEMENTS--GENERAL INFORMATION
fixed length control field 811210s1964 ii 000 0 eng
040 ## - CATALOGING SOURCE
Original cataloging agency DLC
Transcribing agency DLC
Modifying agency BD-DhUET
082 ## - DEWEY DECIMAL CLASSIFICATION NUMBER
Classification number 517
Item number SHA/1964
100 ## - MAIN ENTRY--PERSONAL NAME
Personal name Narayan, Shanti
245 12 - TITLE STATEMENT
Title Course of mathematical analysis
250 ## - EDITION STATEMENT
Edition statement 1st ed.
260 ## - PUBLICATION, DISTRIBUTION, ETC. (IMPRINT)
Place of publication, distribution, etc. New Delhi
Name of publisher, distributor, etc. S. Chand
Date of publication, distribution, etc. 1964
300 ## - PHYSICAL DESCRIPTION
Extent viii, 436p.
Dimensions 24 cm.
650 #0 - SUBJECT ADDED ENTRY--TOPICAL TERM
Topical term or geographic name as entry element Mathematical analysis
942 ## - ADDED ENTRY ELEMENTS (KOHA)
Koha item type General Book
Holdings
Date acquired Sublocation or collection (holding branch) Source of classification or shelving scheme Location (home branch) Not for loan Copy number Koha full call number Shelving location Koha item type Lost status Damaged status Withdrawn status Koha date last seen Piece designation (barcode) Koha normalized classification for sorting Price effective from
2015-04-09Central Library, BUET Central Library, BUET 1517/SHA/1964Circulation sectionGeneral Book   2015-04-095725517_000000000000000_SHA_19642015-04-09
2015-04-09Central Library, BUET Central Library, BUET 2517/SHA/1964Circulation sectionGeneral Book   2015-04-095726517_000000000000000_SHA_19642015-04-09
2015-04-09Central Library, BUET Central Library, BUET 3517/SHA/1964Circulation sectionGeneral Book   2015-04-095727517_000000000000000_SHA_19642015-04-09